000 01951nam0a2200361 4500
001 RU\NLR\bibl\1481912
005 20250616005730.0
010 _a978-5-215-02084-5
_950
021 _aRU
_b2009-108604
_96922
035 _a(nilc)RSL-KNO-004567406
035 _a(NLR Aleph) 001473550
090 _a1658852
_c1658852
100 _a20100114d2009 |||y0rusy50 ca
101 0 _arus
102 _aRU
105 _aa |||||||||
200 1 _aСтатистика производственных результатов деятельности предприятия
_eучебное пособие для студентов специальности "Статистика" - 080601
_fЕ.В. Петрова - к.э.н., проф., Н.К. Агеева - к.э.н., доц.
_gФедер. агентство по образованию, Гос. образоват. учреждение высш. проф. образования "Гос. ун-т упр., Ин-т фин. менеджмента
210 _aМосква
_cГосударственный университет управления
_d2009
215 _a59 с.
_cил.
_d21
300 _aНа обл.: 90 лет ГУУ
320 _aБиблиогр.: с. 58
606 1 _aПромышленные предприятия
_jУчебные издания для высших учебных заведений
_xСтатистика
_92451642
_3RU\NLR\auth\661457625
686 _aУ051.9(2)301я73-1
_2rubbk
686 _aУ30(2)-05я73
700 1 _4070
_7ca
_8rus
_aПетрова
_bЕ. В.
_cканд. экон. наук, статистика
_gЕкатерина Валериановна
_913204
_3RU\NLR\AUTH\7730177
701 1 _aАгеева
_bН. К.
_gНаталья Константиновна
_4070
801 0 _aRU
_bRuMoRGB
_c20100114
_grcr
801 1 _aRU
_bRuMoRGB
_c20100114
801 2 _aRU
_bNLR
_c20100305
_grcr
942 _cBOOK
980 _aNB